000 00653nam a2200265Ia 4500
005 20260121165957.0
008 008 260114s9999 xx 000 0 eng d
020 _a9783319279725
037 _aEBOOK
040 _aCRL
040 _beng
040 _cCRL
041 _2eng
041 _aeng
084 _qCRL
100 _aLaura Castro-Santos, Vicente Diaz-Casas
_91058320
245 0 _aFloating Offshore Wind Farms
260 _bSpringer
260 _bSpringer
260 _c2016
856 _uhttps://link.springer.com/openurl?genre=book&isbn=978-3-319-27972-5
942 _cEBOOK
999 _c1624049
_d1624049